Sommets de montagnes françaises - Carte Quiz - Statistiques

Statistiques générales
  • Ce quiz a été pris 1 391 fois
  • Le résultat moyen est 9 sur 16
Réponses sur la Carte
Les réponses sont colorées sur une échelle allant du rouge au vert en fonction du pourcentage des utilisateurs qui les ont devinées à leur premier essai. Vous pouvez retrouver ces pourcentages ci-dessous.
 
Statistiques - réponses
Réponse % Correct
Mont Blanc
90%
Mont Ventoux
72%
Monte Cinto
69%
Piton de la Fournaise
69%
Puy de Sancy
65%
Grand Ballon
64%
Barre des Ecrins
61%
Pic du Midi d'Ossau
59%
Pic du Canigou
54%
Pic du Midi de Bigorre
48%
Montagne Pelée
45%
Mont Aiguille
45%
Puy Mary
45%
Soufrière
42%
Crêt de la Neige
41%
Piton des Neiges
37%
Aucun quiz correspondant
Distribution des résultats
% des personnes avec chaque résultat
Percentile par nombre de réponses
Votre historique - résultats
Vous n’avez pas pris ce quiz